| 000 | 00682nam a22002537a 4500 | ||
|---|---|---|---|
| 003 | CHAP | ||
| 005 | 20220329141117.0 | ||
| 008 | 971014s1894 r 00010 d | ||
| 010 | _a62730 | ||
| 011 | _a63702 | ||
| 035 | _a67879 | ||
| 040 | _cCHAP | ||
| 082 |
_a637.3 _bM37 |
||
| 100 | 0 | 0 |
_aMartin, Ch. J. _971643 |
| 245 | _aL'industrie du gruyére | ||
| 260 |
_aParis : _bSociété d'editions scientifiques, _c(1894) |
||
| 300 | _a238 p. | ||
| 590 |
_aBATCH-UPD _b10 _c20130110 _lUCH01 _h0438 |
||
| 590 |
_aCONVERSION _b10 _c20130109 _lUCH01 _h1334 |
||
| 650 | 1 | 4 |
_aQueso. _993221 |
| 901 | _aBK | ||
| 942 | _cLIBRO | ||
| 949 |
_a637.3 M37 _bBC _cBPP _d-154545 _eBPP _h24791 _i67879 _si |
||
| 999 |
_c62730 _d62730 |
||